| 000 | 00609nam a2200193 a 4500 | ||
|---|---|---|---|
| 001 | 0005638 | ||
| 003 | DO-SdBNP | ||
| 005 | 20180313132142.0 | ||
| 007 | 0005638 | ||
| 008 | 150119s2012 000 spa d | ||
| 020 | _a9781578377110 | ||
| 040 |
_aBPMSU _bspa _cBPMSU |
||
| 245 | 0 |
_aMatemática en contexto III y IV : _bmanual de referencia / _cJohn Chamberlain, Leno S. Pedrotti, Agustín Navarra |
|
| 260 |
_aSanto Domingo : _bFundación Inicia _c2012. |
||
| 300 |
_a104 p. : _bil. ; _c30 cm. |
||
| 942 |
_2ddc _cMU |
||
| 945 | _aRemanejado para la BNPHU VM | ||
| 956 |
_aVMATEO _b10 _c20150324 _lBPMSU _h00151 |
||
| 999 |
_c7487 _d7487 |
||